Alföldi kandallós-istálló és ősi magyar tűzhelyes-ház
Elmentve itt :
| Szerző: | |
|---|---|
| Dokumentumtípus: | Cikk |
| Megjelent: |
1934
|
| Sorozat: | Népünk és nyelvünk
6 |
| Kulcsszavak: | Néprajztudomány, Régészet |
| Online Access: | http://acta.bibl.u-szeged.hu/19860 |
| LEADER | 00596nab a2200169 i 4500 | ||
|---|---|---|---|
| 001 | acta19860 | ||
| 005 | 20210712093926.0 | ||
| 008 | 161015s1934 hu o 0|| hun d | ||
| 040 | |a SZTE Egyetemi Kiadványok Repozitórium |b hun | ||
| 041 | |a hun | ||
| 100 | 1 | |a Bátky Zsigmond | |
| 245 | 1 | 0 | |a Alföldi kandallós-istálló és ősi magyar tűzhelyes-ház |h [elektronikus dokumentum] / |c Bátky Zsigmond |
| 260 | |c 1934 | ||
| 300 | |a 8-13 | ||
| 490 | 0 | |a Népünk és nyelvünk |v 6 | |
| 695 | |a Néprajztudomány, Régészet | ||
| 856 | 4 | 0 | |u http://acta.bibl.u-szeged.hu/19860/1/nepunk_006_008-013.pdf |z Dokumentum-elérés |